00654nam a22001692 4500001001100000005001700011008004100028040001500069100003100084245017200115250001300287260005500300300001200355650006100367650005300428852000300481000001286220151217161144.0090325s xx 000 0 eng d aKABUcKABU1 aMetton, Alain.@000016982610aRepertoire international des chercheurs et recherches en geographie du commerce = International guide to scholars and research in commercial geography /cAlain Metton. a1st ed. aParis :bUnion Geographique Internationale,c1987. a273 p. 0aCommercial geographyvDirectoriesxResearch.@0000169827 0aRetail tradevDirectoriesxResearch.@00001698281